[Event "Bahrain"]
[Site "Bahrain"]
[Date "1990.??.??"]
[Round "4"]
[White "Abdelnabbi, Imed"]
[Black "Smejkal, Jan"]
[Result "0-1"]
[WhiteElo "2370"]
[BlackElo "2530"]
[Annotator "Ribli,Z"]
[PlyCount "88"]
[EventDate "1990.??.??"]
[EventType "tourn"]
[EventRounds "11"]
[EventCountry "BAH"]
[EventCategory "7"]
[SourceTitle "CBM 020"]
[Source "ChessBase"]
[SourceDate "1991.02.01"]
[SourceVersion "1"]
[SourceVersionDate "1991.02.01"]
[SourceQuality "1"]

1. c4 e5 2. Nc3 d6 3. g3 g6 4. Bg2 Bg7 5. d3 Nf6 6. Nf3 O-O 7. Rb1 Re8 8. O-O
a5 9. a3 Nc6 {-> A 26} 10. Re1 (10. Bg5 h6 11. Bxf6 Bxf6 12. b4 axb4 13. axb4
Bg7 14. b5 Ne7 15. Nd2 e4 $1 {-> A 26 Vaganian,R-Lautier,J Manila izt 1990 CBM/
19 49/39}) 10... h6 11. Nd2 Nd4 12. b3 (12. b4 $5) 12... c6 13. Nde4 Nh7 14. b4
axb4 15. axb4 d5 16. cxd5 cxd5 17. Nc5 (17. Nxd5 Qxd5 18. Nf6+ Nxf6 19. Bxd5
Nxd5 $17) 17... Nf6 18. e3 Nf5 19. Qb3 Ne7 20. b5 b6 21. Na6 Be6 22. d4 exd4
23. exd4 Nf5 24. Be3 Nxe3 25. fxe3 Qd6 26. Rbc1 h5 27. Ne2 Rac8 28. Nf4 Bh6 29.
Qb4 Qd7 30. Qb2 Bxf4 31. exf4 Bh3 32. Re5 Bxg2 33. Kxg2 Ng4 34. Rxc8 Qxc8 35.
Nb4 (35. Rxe8+ Qxe8 $17) 35... Nxe5 36. fxe5 Qc4 37. Nc6 Ra8 38. Kh3 Ra2 39.
Qb1 Qe2 40. Ne7+ Kg7 41. Qxa2 Qxa2 42. Nc8 Qc4 43. Kg2 Qxc8 44. h4 Qc2+ 0-1

[Event "Katrineholm"]
[Site "Katrineholm"]
[Date "1995.??.??"]
[Round "?"]
[White "Davies, Nigel Rodney"]
[Black "Vescovi, Giovanni P"]
[Result "0-1"]
[WhiteElo "2505"]
[BlackElo "2465"]
[Annotator "Ribli,Z"]
[PlyCount "74"]
[EventDate "1995.04.??"]
[EventType "tourn"]
[EventRounds "9"]
[EventCountry "SWE"]
[EventCategory "9"]
[SourceTitle "CBM 049"]
[Source "ChessBase"]
[SourceDate "1995.12.01"]
[SourceVersion "1"]
[SourceVersionDate "1995.12.01"]
[SourceQuality "1"]

1. c4 d6 2. Nc3 e5 3. g3 g6 4. Bg2 Bg7 5. e4 Nc6 6. d3 h5 {Jetzt steht der
Anziehende vor einer schweren Entscheidung, weil nach 7.h3 h4 kommt und der
Gegner spielt am schwarzen Felden oder 7.h4 (das meistens gespielt wurde) aber
dann bleibt der g4 Punkt fuer Schwarz.} 7. h3 h4 (7... Nd4 8. Nce2 c6 9. Nxd4
exd4 10. Ne2 (10. Nf3 $5) 10... h4 11. g4 g5 12. f4 gxf4 13. Nxf4 Be5 14. O-O
Ne7 $13 {Koshi,V-Prasad,D/Calcutta/1992/EXP27/}) 8. g4 Be6 (8... Nd4 $5) 9. Nf3
Qd7 (9... Nd4) 10. Bg5 f6 {Schwarz opfert einen Bauern, dafuer kriegt er
einige Tempi.} (10... Nd4 $5) 11. Bxh4 O-O-O 12. Nd5 Rf8 13. Bg3 (13. Qe2 f5
14. gxf5 gxf5 15. exf5 Bxf5 $13) 13... f5 14. Ng5 (14. exf5 gxf5 15. gxf5 Bxf5
$44) 14... f4 15. Bh2 Nd4 16. f3 c6 17. Nc3 Bf6 18. Nxe6 Qxe6 19. Bg1 Ne7 $44 {
Schwarz hat sehr gutes Spiel fuer den Bauern, er herrscht die schwarzen Felder
und der g2 Lauefer hat keine schoene Perspektive.} 20. Qa4 Kb8 21. Kf1 Nc8 22.
Ne2 Nb6 23. Qd1 d5 $1 24. exd5 (24. cxd5 cxd5 25. Bxd4 exd4 26. Nxf4 Qf7 27.
Nxd5 Nxd5 28. exd5 Bg5 29. Qb3 Be3 $44) 24... cxd5 25. Nxd4 exd4 26. c5 Nd7 27.
Qc2 Re8 $1 28. Bf2 Bh4 $1 29. Bxh4 (29. Re1 $4 Qxe1+ 30. Bxe1 Rxe1#) 29... Rxh4
30. Rh2 Qe3 31. Bh1 Rh7 32. b4 (32. Re2 Qxe2+ 33. Qxe2 Rxe2 34. Kxe2 Rxh3 35.
Bg2 Rh2 36. Kf1 Nxc5 $17) 32... Rhe7 33. Rf2 Ne5 34. Rd1 (34. Re2 Nxg4 $1 $19)
34... g5 35. Rdd2 Nxg4 $1 {Eine kleine aber huebsche Kombination entscheidet
die positionell gut angeleg- te Partie.} 36. hxg4 (36. fxg4 Qxh3+ 37. Bg2 Re1#)
36... Rh8 $1 37. Kg1 (37. Kg2 Reh7 $19) 37... Qe1+ {Ribli} (37... Qe1+ 38. Rf1
Rxh1+ 39. Kxh1 Qxf1+ 40. Kh2 Rh7#) 0-1

[Event "St Petersburg op"]
[Site "St Petersburg"]
[Date "1994.??.??"]
[Round "7"]
[White "Bukhman, Eduard"]
[Black "Frolov, Yury"]
[Result "1-0"]
[WhiteElo "2380"]
[BlackElo "2320"]
[Annotator "Ribli,Z"]
[PlyCount "83"]
[EventDate "1994.02.??"]
[EventType "swiss"]
[EventRounds "9"]
[EventCountry "RUS"]
[SourceTitle "CBM 041"]
[Source "ChessBase"]
[SourceDate "1994.08.01"]
[SourceVersion "1"]
[SourceVersionDate "1994.08.01"]
[SourceQuality "1"]

1. c4 e5 2. g3 Nf6 3. Bg2 Nc6 4. Nc3 g6 5. Rb1 a5 6. a3 d6 7. b4 axb4 8. axb4
Bg7 9. b5 Ne7 10. Nf3 h6 11. d3 Be6 12. O-O O-O 13. Bb2 Qd7 14. Re1 Bh3 15. Bh1
Ra5 $6 (15... Ng4 $5 {Vaganian,R-Wahls,M/GER-CupT f/1992/CBM29/}) 16. Nd2 Rb8 (
16... d5 17. cxd5 Nfxd5 18. Nxd5 Nxd5 19. Nc4 Rxb5 20. Bxe5 Rxb1 21. Qxb1 $14)
17. Ra1 Rxa1 18. Qxa1 $14 Nc8 (18... d5 19. cxd5 Nfxd5 20. Nxd5 Nxd5 21. Bxe5
$16) 19. Qa5 c5 $6 (19... c6 $5) 20. Nf1 $1 Bf8 21. Ne3 Be6 22. Ra1 Be7 23.
Ncd5 Nxd5 24. Nxd5 Bd8 25. Qd2 Bxd5 26. Bxd5 Kh7 27. Bg2 Nb6 28. Qe3 Qe7 (28...
Bg5 29. Qf3 $16) 29. Bc1 Qf8 30. h4 $1 Nd7 (30... h5 31. Ra7 Qe7 32. Qh6+ Kg8
33. Bg5 $18) 31. Ra7 $1 $18 Bb6 32. Rxb7 Rxb7 33. Bxb7 Nf6 34. Bg2 Ba5 35. Qf3
Qd8 36. Qc6 Kg7 37. Bb2 Kh7 38. e3 h5 39. Bf3 Bb6 40. Bc3 Qb8 $2 41. Bxe5 dxe5
42. Qxf6 1-0

[Event "Vienna op"]
[Site "Vienna"]
[Date "1990.??.??"]
[Round "6"]
[White "Kolev, Atanas"]
[Black "Budnikov, Alexandar"]
[Result "1/2-1/2"]
[WhiteElo "2445"]
[BlackElo "2400"]
[Annotator "Ribli,Z"]
[PlyCount "78"]
[EventDate "1990.10.??"]
[EventType "swiss"]
[EventRounds "9"]
[EventCountry "AUT"]
[SourceTitle "CBM 021"]
[Source "ChessBase"]
[SourceDate "1991.04.01"]
[SourceVersion "1"]
[SourceVersionDate "1991.04.01"]
[SourceQuality "1"]

1. c4 e5 2. Nc3 Nc6 3. g3 g6 4. Bg2 Bg7 5. e4 d6 6. d3 Be6 7. Nge2 Qd7 8. Nd5
f5 (8... Nce7 9. d4 $1 c6 10. Ne3 Bh3 11. O-O Bxg2 12. Kxg2 exd4 13. Nxd4 h5
14. a4 $6 (14. Nf3 $1 $14) 14... Nh6 15. Ra3 O-O-O 16. a5 $14 {Kasparov,
G-Short,N Linares 1990 CBM/17 49/41}) 9. O-O Nf6 10. Bg5 O-O 11. Qd2 Rae8 (
11... Rf7 12. Rae1 Raf8 13. f3 Ne8 14. Be3 $14 {Liberzon-Smyslov URS-ch 1967 3/
44}) 12. Rac1 Rf7 13. f3 b6 14. b4 a5 15. a3 Ref8 16. Rcd1 Kh8 17. Qc3 $2 (17.
Be3 $5) 17... Nh5 18. Qd2 axb4 19. axb4 f4 20. gxf4 h6 21. f5 gxf5 22. exf5 (
22. Bxh6 f4 $44) 22... Bxd5 23. cxd5 hxg5 24. Qxg5 Rxf5 25. dxc6 Qxc6 26. Qh4
Bf6 27. Qh3 Rg5 28. Ng3 Qe8 29. Rde1 Qg6 30. f4 exf4 31. Rxf4 Kg7 32. Rc4 Nxg3
33. hxg3 c5 34. Qd7+ Rf7 35. Qxd6 Rxg3 36. Re2 Qg5 37. bxc5 bxc5 38. Rxc5 Qg4
39. Rc4 Qg6 1/2-1/2

[Event "Prague"]
[Site "Prague"]
[Date "1990.??.??"]
[Round "1"]
[White "Smejkal, Jan"]
[Black "Timman, Jan H"]
[Result "0-1"]
[WhiteElo "2545"]
[BlackElo "2660"]
[Annotator "Ribli,Z"]
[PlyCount "72"]
[EventDate "1990.08.??"]
[EventType "game"]
[EventRounds "1"]
[EventCountry "CSR"]
[SourceTitle "CBM 020"]
[Source "ChessBase"]
[SourceDate "1991.02.01"]
[SourceVersion "1"]
[SourceVersionDate "1991.02.01"]
[SourceQuality "1"]

1. c4 e5 2. g3 Nc6 3. Bg2 g6 4. Nc3 Bg7 5. d3 d6 6. e4 f5 7. Nge2 Nf6 8. O-O
O-O 9. Nd5 Ne7 $5 10. Nxf6+ Bxf6 11. Be3 (11. Bh6 Rf7 12. Qd2 c6 13. Rad1 Be6
14. b3 d5 {Makarichev,S-Yrjola,J Reykjavik Summit 1990 CBM/18}) 11... c6 12.
Rc1 Be6 13. f4 Qd7 14. Qd2 a6 15. b3 Rad8 16. Bb6 Rde8 17. Bf2 fxe4 18. dxe4
exf4 19. gxf4 Bh3 20. Ng3 h5 21. e5 dxe5 22. Qxd7 Bxd7 23. Bc5 Bg7 24. fxe5
Rxf1+ 25. Rxf1 Bxe5 26. Rd1 (26. Re1 Nf5 27. Nxf5 Bxf5) 26... Bg4 27. Re1 Bxg3
28. hxg3 Kf7 29. b4 Be6 30. b5 Bxc4 31. bxc6 bxc6 32. a3 Bd5 33. Bf1 a5 34. Bh3
Ng8 35. Rb1 Re4 36. Rb7+ Kf6 0-1

[Event "Leon"]
[Site "Leon"]
[Date "1995.??.??"]
[Round "1"]
[White "Akopian, Vladimir Eduardovic"]
[Black "Romero Holmes, Alfonso"]
[Result "1-0"]
[WhiteElo "2655"]
[BlackElo "2455"]
[Annotator "Ribli,Z"]
[PlyCount "77"]
[EventDate "1995.05.??"]
[EventType "tourn"]
[EventRounds "9"]
[EventCountry "ESP"]
[EventCategory "14"]
[SourceTitle "CBM 048"]
[Source "ChessBase"]
[SourceDate "1995.10.01"]
[SourceVersion "1"]
[SourceVersionDate "1995.10.01"]
[SourceQuality "1"]

1. Nf3 Nf6 2. g3 g6 3. Bg2 Bg7 4. O-O O-O 5. c4 d6 6. Nc3 Nc6 7. Rb1 Bf5 8. d3
Qd7 9. b4 e5 {-> A26} 10. b5 (10. Re1 $5 Bh3 11. Bh1 a6 12. a4 h5 13. b5 axb5
14. axb5 Ne7 15. Nd2 $13) 10... Ne7 11. Re1 (11. Bg5 $5 {Wenn der Anziehende
den weissfeldrigen B nicht behalten will, dann sieht dieser Zug logischer aus.}
) 11... a6 (11... Bh3 12. Bh1 h6 13. d4 $5 Qe6 14. dxe5 dxe5 15. Nd2 Bf5 16. e4
Bg4 17. Bf3 Bxf3 18. Qxf3 c6 19. Ba3 Rfe8 20. Nb3 $14 {Dorfman,J-Dvorietzky,M/
USSR ch/1975/INF20,59/}) 12. a4 axb5 13. axb5 Bh3 14. Bxh3 (14. Bh1 h6 15. Bb2
Ng4 16. d4 Qe6 17. Qd3 c6 18. e4 exd4 19. Nxd4 Ne5 $10 {Vaganian,R-Dvorietzky,
M/USSR ch/1975/}) 14... Qxh3 15. Bg5 Qe6 16. e4 $5 {/\ Nd5} c6 17. bxc6 bxc6
18. Rb7 h6 (18... Rfb8 19. Qb3 Qc8 20. Rb1 $14) 19. Bxf6 Bxf6 20. Qb3 Bg7 $6 {
Schwarz will mit f5 am Koenigsfluegel die Initiative bekommen, aber er kann
sie nicht durchsetzen und dieser Zug fuehrt nur zur Tempoverlust.} (20... Ra6 {
/\ Rfa8}) (20... Rad8 $5) 21. Nh4 Rad8 (21... f5 $4 22. Rxe7 Qxe7 23. Nxg6 $18)
22. Ra1 d5 $2 {Verliert einen P.} (22... Bf6 $5) 23. cxd5 cxd5 24. Raa7 $1 Bf6
{Jetzt sehen wir warum 20...Bg7?! ein ungenauer Zug war.} (24... Rfe8 25. exd5
Nxd5 26. Rxf7 $18) 25. Rb6 $1 Rd6 26. Rxd6 Qxd6 27. exd5 {Droht /\ Ne4.} Bxh4
28. gxh4 Rb8 29. Rb7 Rxb7 30. Qxb7 {Droht /\ Ne4 wieder.} Nf5 31. Ne4 Qd8 32.
d6 $1 Qxh4 (32... Nxd6 33. Qd5 $18) 33. d7 Kg7 (33... Qg4+ 34. Ng3 Qd1+ 35. Kg2
Qxd3 36. Nxf5 gxf5 37. Qa8+ Kg7 38. d8=Q $18) 34. Qd5 Qg4+ 35. Ng3 Qd1+ 36. Kg2
Nh4+ 37. Kh3 h5 38. Qxe5+ (38. d8=Q $4 Qg4#) (38. Kxh4 $4 Qg4#) 38... Kh7 39.
Qf4 {Weiss spielte diese Partie einfach aber sehr stark und nutzte die
Ungenauigkeit seines Gegners aus.} 1-0

[Event "WchT 2nd"]
[Site "Luzern"]
[Date "1989.??.??"]
[Round "2.4"]
[White "Hug, Werner"]
[Black "Ivanovic, Bozidar"]
[Result "1/2-1/2"]
[WhiteElo "2445"]
[BlackElo "2545"]
[Annotator "Ribli,Z"]
[PlyCount "28"]
[EventDate "1989.10.27"]
[EventType "team-tourn"]
[EventRounds "9"]
[EventCountry "SUI"]
[SourceTitle "CBM 016"]
[Source "ChessBase"]
[SourceDate "1990.06.01"]
[SourceVersion "1"]
[SourceVersionDate "1990.06.01"]
[SourceQuality "1"]
[WhiteTeam "Switzerland"]
[BlackTeam "Yugoslavia"]
[WhiteTeamCountry "SUI"]
[BlackTeamCountry "YUG"]

1. Nf3 Nf6 2. g3 g6 3. Bg2 Bg7 4. O-O O-O 5. c4 d6 6. Nc3 e5 7. d3 Nc6 8. Rb1
a5 9. a3 Bd7 10. b4 axb4 11. axb4 Qc8 12. Nb5 $6 (12. Bg5 $1 Bh3 13. Bxf6 Bxf6
14. Nd5 Bd8 15. Bxh3 Qxh3 16. Ra1 Rxa1 17. Qxa1 Qc8 18. b5 Nb8 19. Qa8 {
Andersson-Westerinen  Geneve 1977  +/=}) 12... Nd8 13. Bb2 Bh3 14. Ra1 Bxg2
1/2-1/2

[Event "Budapest Honved"]
[Site "Budapest"]
[Date "1991.??.??"]
[Round "?"]
[White "Schlosser, Philipp"]
[Black "Stefansson, Hannes"]
[Result "0-1"]
[WhiteElo "2485"]
[BlackElo "2470"]
[Annotator "Ribli,Z"]
[PlyCount "58"]
[EventDate "1991.??.??"]
[EventType "tourn"]
[EventRounds "11"]
[EventCountry "HUN"]
[EventCategory "9"]
[SourceTitle "CBM 027"]
[Source "ChessBase"]
[SourceDate "1992.04.01"]
[SourceVersion "1"]
[SourceVersionDate "1992.04.01"]
[SourceQuality "1"]

1. c4 Nf6 2. g3 g6 3. Bg2 Bg7 4. e4 O-O 5. Ne2 e5 6. Nbc3 d6 7. O-O Nc6 8. d3
Bg4 9. f3 Be6 10. Be3 (10. b3 $5 Qd7 11. Nd5 Nh5 12. Bb2 Rae8 13. d4 $14) 10...
a6 11. Qd2 (11. b3 $5 Nd7 12. d4 $14) 11... Nd7 12. f4 Nd4 13. Rf2 c6 14. Raf1
f5 15. fxe5 (15. Kh1 $5) 15... dxe5 16. exf5 Nxf5 17. Bg5 Qb6 18. g4 Nd4 19. h3
$2 (19. Nxd4 exd4 20. Ne4 Bxg4 $15) 19... Nf3+ 20. Bxf3 Rxf3 21. c5 Qxc5 22. d4
exd4 23. Na4 Rxf2 $1 24. Nxc5 Rxf1+ 25. Kxf1 Nxc5 26. Be7 (26. Nxd4 Ne4 27. Qe3
Bc4+ 28. Kg2 Nxg5 $19) 26... Ne4 27. Qb4 b5 28. Nf4 Bc4+ 29. Kg2 d3 0-1

[Event "Groningen"]
[Site "Groningen"]
[Date "1990.??.??"]
[Round "?"]
[White "Fedorowicz, John P"]
[Black "Piket, Jeroen"]
[Result "0-1"]
[WhiteElo "2565"]
[BlackElo "2495"]
[Annotator "Ribli,Z"]
[PlyCount "160"]
[EventDate "1990.12.??"]
[EventType "tourn"]
[EventRounds "9"]
[EventCountry "NED"]
[EventCategory "13"]
[SourceTitle "CBM 021"]
[Source "ChessBase"]
[SourceDate "1991.04.01"]
[SourceVersion "1"]
[SourceVersionDate "1991.04.01"]
[SourceQuality "1"]

1. c4 e5 2. Nc3 Nc6 3. g3 g6 4. Bg2 Bg7 5. d3 d6 6. Rb1 a5 7. a3 Nf6 8. Nf3 O-O
9. O-O h6 10. b4 axb4 11. axb4 Be6 12. b5 Ne7 13. Bb2 Qd7 14. Re1 (14. Qb3 Bh3
15. Ra1 Nh5 16. Rfc1 $13 {Bosboom,M-Piket,Je NLD-ch 1990 CBM/19}) 14... Bh3 15.
Bh1 Ng4 16. Nd2 (16. Ra1 Rab8 17. Nd2 f5 18. Nd5 f4 $13 {Georges,S-Lane,G Zug
1989 CBM/16}) 16... Rab8 17. Qb3 (17. Ra1 f5 18. Nd5 g5 19. Ra7 Nc8 20. Ra2 c6
$15 {Mednis-Zapata Amsterdam 1986 42/28}) 17... Kh7 18. Nd5 f5 19. Ra1 f4 20.
Ne4 Nxd5 21. cxd5 c5 $1 22. Bf3 Nf6 23. Ra7 Nxe4 24. Bxe4 Qf7 25. f3 h5 26. Kf2
Bf5 27. Rg1 Qd7 28. Ra4 Bxe4 29. Rxe4 Qh3 30. Rg2 Bh6 31. Bc3 Ra8 32. b6 fxg3+
33. hxg3 Bg5 34. Kg1 Ra6 35. Rh2 Qd7 36. g4 Bf4 37. Rh1 Qd8 38. Qc2 Qg5 39. Kf2
h4 40. Kg2 Kg7 41. Qb2 Qd8 $1 42. Qb5 Rxb6 43. Qc4 Qf6 44. d4 cxd4 45. Rxd4 Ra6
46. Re4 Raa8 47. Kh3 g5 48. Qb3 Rf7 49. Rb4 Be3 50. Rxb7 Qf4 51. Rxf7+ Kxf7 52.
Qb7+ Kg6 53. Be1 Ra1 54. Qc8 Qf7 55. Qc3 Bd4 56. Qc2+ Kh6 57. Qc6 Qf6 58. Qe8
Ra2 59. Qb5 Rb2 60. Qc4 e4 $1 61. f4 gxf4 62. g5+ Qxg5 63. Qxd4 Qf5+ 64. Kh2
Rxe2+ 65. Bf2 Qe5 66. Kh3 Qxd4 67. Bxd4 Kg5 68. Bb6 Rd2 69. Bd8+ Kf5 70. Rg1 e3
71. Rg8 Ke4 72. Bxh4 Kf3 73. Rg1 e2 74. Ra1 Rd1 75. Ra3+ Ke4 76. Ra4+ Ke5 77.
Kg4 e1=Q 78. Bxe1 Rxe1 79. Kf3 Re3+ 80. Kf2 Rd3 0-1

[Event "Tiraspol"]
[Site "Tiraspol"]
[Date "1994.??.??"]
[Round "7"]
[White "Nesterov, Yakov"]
[Black "Nevednichy, Vladislav"]
[Result "1/2-1/2"]
[WhiteElo "2460"]
[BlackElo "2480"]
[Annotator "Ribli,Z"]
[PlyCount "125"]
[EventDate "1994.??.??"]
[EventType "tourn"]
[EventRounds "9"]
[EventCountry "MDA"]
[EventCategory "10"]
[SourceTitle "CBM 040"]
[Source "ChessBase"]
[SourceDate "1994.06.01"]
[SourceVersion "1"]
[SourceVersionDate "1994.06.01"]
[SourceQuality "1"]

1. Nf3 g6 2. c4 Bg7 3. g3 e5 4. Nc3 Nc6 5. Bg2 d6 6. Rb1 a5 7. a3 Nf6 8. d3 h6
9. O-O O-O 10. b4 axb4 11. axb4 Be6 12. b5 Ne7 13. Bb2 (13. Nd2 c6 $1 $13 {
Salov,V-Markowski,T/Oviedo/1993/EXP/38/}) 13... Qd7 14. Ra1 (14. Re1 $5 {
Vaganian,R-Wahls,M/Ger-CupT/1992/CBM29/}) 14... Bh3 15. Qb3 Bxg2 (15... Rab8 $6
16. Ra7 $14 {Antunes,A-Hernandez,Gi/Sevilla op/1992/CBM29/}) (15... Nh5 $5 {
Boosbom,M-Piket,Je/NLD-ch/1990/CBM19/}) 16. Kxg2 Qe6 17. e4 (17. Rxa8 $5 Rxa8
18. Ra1 Rxa1 19. Bxa1 d5 20. cxd5 Nfxd5 21. Nxd5 Nxd5 22. Qc4 $13) 17... c6 $1
18. Rxa8 Rxa8 19. Ra1 Rxa1 20. Bxa1 Nd7 21. Bb2 (21. Na4 f5 $13) 21... Nc5 22.
Qc2 Qd7 $1 23. Bc1 Ne6 24. Qa4 Nc5 (24... Nd4 $6 25. bxc6 bxc6 26. Nxd4 exd4
27. Nd5 $14) 25. Qc2 f5 26. Be3 Ne6 27. bxc6 bxc6 28. Qa4 f4 29. Bb6 Kf7 (29...
Qb7 30. c5 $1) 30. Qa6 Bf6 31. c5 d5 (31... Nxc5 32. Bxc5 dxc5 33. Na4 $14) 32.
Qa4 d4 33. Nb1 g5 34. h3 h5 35. Nbd2 fxg3 36. fxg3 Ng6 37. Qa2 Kg7 38. Qa7 Qxa7
39. Bxa7 h4 40. Nc4 hxg3 41. Kxg3 Nef4 42. Ne1 Kf7 43. Na5 Ne7 44. Bb8 Ke6 45.
Kg4 Kf7 46. Bc7 Ke6 47. Bb8 Kf7 48. Nc4 Neg6 49. Bc7 Ke6 50. Bd6 Bd8 51. h4
gxh4 52. Nxe5 $1 Nxe5+ 53. Bxe5 Ne2 54. Bd6 Nc1 55. Nf3 Bf6 56. Ne1 Bd8 57. Nc2
Nxd3 58. Nxd4+ Kd7 59. e5 Be7 60. e6+ Ke8 61. Nxc6 Nxc5 $1 62. Bxe7 Nxe6 63.
Bxh4 1/2-1/2

[Event "WchT 3rd"]
[Site "Luzern"]
[Date "1993.??.??"]
[Round "1.1"]
[White "Serper, Grigory"]
[Black "Xu, Jun"]
[Result "1/2-1/2"]
[WhiteElo "2575"]
[BlackElo "2535"]
[Annotator "Ribli,Z"]
[PlyCount "86"]
[EventDate "1993.10.24"]
[EventType "team-tourn"]
[EventRounds "9"]
[EventCountry "SUI"]
[SourceTitle "CBM 038"]
[Source "ChessBase"]
[SourceDate "1994.02.01"]
[SourceVersion "1"]
[SourceVersionDate "1994.02.01"]
[SourceQuality "1"]
[WhiteTeam "Uzbekistan"]
[BlackTeam "China"]
[WhiteTeamCountry "UZB"]
[BlackTeamCountry "CHN"]

1. c4 e5 2. g3 Nc6 3. Bg2 g6 4. Nc3 Bg7 5. d3 d6 6. e4 Be6 7. Nge2 Qd7 8. Nd5
Nd8 (8... Nce7 9. d4 c6 10. Ne3 (10. Nxe7 Nxe7 11. d5 cxd5 12. cxd5 $14 {
Sher,M-Mestel,A/Hastings/1990/EXP21/}) 10... Bh3 11. O-O $14 {Kasparov,G-Short,
N/Linares/1990/CBM17/INF49,41/}) 9. d4 c6 10. Ne3 Bh3 11. Bxh3 Qxh3 12. d5 h5
$5 (12... c5 13. b4 $14 {Kasparov}) 13. Nc3 (13. dxc6 Nxc6 14. Qxd6 Rd8 15. Qa3
Bf8 (15... Nd4 $2 16. Nxd4 exd4 17. Nd5 Qg2 18. Rf1 Qxe4+ 19. Kd1 $16) 16. c5
Nf6 17. f3 h4 $44) 13... Nf6 14. Qe2 O-O 15. f3 a6 16. Qg2 Qxg2 17. Nxg2 cxd5
18. cxd5 b5 $10 19. Ke2 Nb7 20. Be3 Rfc8 21. Rhc1 Nd7 22. Ne1 Na5 23. b3 Bf6
24. Nd1 Bd8 25. Nd3 Bb6 26. Bxb6 Nxb6 27. Nb4 Nd7 28. Ne3 Nc5 29. Rc2 Kg7 30.
Nd3 Nab7 31. b4 Nxd3 32. Kxd3 Rxc2 33. Nxc2 a5 34. a3 f5 35. Rc1 fxe4+ 36. fxe4
Nd8 37. Ne3 Nf7 38. Nd1 axb4 39. axb4 Ra2 40. Rc2 Ra3+ 41. Rc3 Ra2 42. Rc2 Ra3+
43. Rc3 Ra2 1/2-1/2

[Event "USA-ch"]
[Site "USA"]
[Date "1989.??.??"]
[Round "2"]
[White "Fedorowicz, John P"]
[Black "Ivanov, Alexander"]
[Result "1-0"]
[WhiteElo "2560"]
[BlackElo "2460"]
[Annotator "Ribli,Z"]
[PlyCount "77"]
[EventDate "1989.11.??"]
[EventType "tourn"]
[EventRounds "15"]
[EventCountry "USA"]
[EventCategory "12"]
[SourceTitle "CBM 019"]
[Source "ChessBase"]
[SourceDate "1990.12.01"]
[SourceVersion "1"]
[SourceVersionDate "1990.12.01"]
[SourceQuality "1"]

1. c4 e5 2. Nc3 Nc6 3. g3 g6 4. Bg2 Bg7 5. d3 Nge7 6. e3 a6 $6 (6... d6) 7.
Nge2 O-O 8. Rb1 Rb8 9. b4 b5 10. cxb5 axb5 11. a4 $5 bxa4 12. b5 Na7 13. Qxa4
Bb7 $1 14. e4 Nac8 15. Ba3 Nb6 16. Qb3 d6 17. O-O Qd7 18. f4 $5 c5 19. bxc6
Bxc6 20. fxe5 dxe5 21. Kh1 Rb7 22. Qa2 Nbc8 23. Rxb7 Bxb7 24. Qb3 Bc6 25. Nd5
Bxd5 26. exd5 Rd8 27. Nc3 Nf5 28. Bc5 Ncd6 29. Ra1 Nd4 30. Qb6 $1 Nc8 31. Qb1
Qc7 32. Bb4 Qb8 33. Ba5 $1 Qxb1+ 34. Rxb1 Re8 35. Ne4 $1 f5 36. d6 $1 fxe4 37.
d7 Rf8 38. Rb8 Bf6 39. dxc8=Q {Ribli} 1-0